| 000 | 00512nam a2200157Ia 4500 | ||
|---|---|---|---|
| 008 | 170221s9999 xx 000 0 und d | ||
| 100 | _aDimitrios Giomelakis | ||
| 245 | _aEmploying Search Engine Optimization Techniques in Online News Articles | ||
| 245 | _cDimitrios Giomelakis, Andreas Veglis | ||
| 260 | _bStudies in Media and Communication | ||
| 260 | _c2013 | ||
| 300 | _aXI : 2 | ||
| 650 | _xCommunication | ||
| 650 | _xMedia Arts | ||
| 856 | _uhttp://redfame.com/journal/index.php/smc/issue/view/31 | ||
| 999 |
_c308917 _d308917 |
||